书目信息 |
| 题名: |
中学地理问答200题
|
|
| 作者: | 郭瑞涛 , 刘锡淮 , 自丽华 编 | |
| 分册: | ||
| 出版信息: | 北京 北京师范大学出版社 1987 |
|
| 页数: | 325页 | |
| 开本: | 19cm | |
| 丛书名: | 青年学习考试丛书 | |
| 单 册: | ||
| 中图分类: | G634.55 , K-5 | |
| 科图分类: | ||
| 主题词: | 地理--中学--习题 , 历史 | |
| 电子资源: | ||
| ISBN: | ||
| 000 | 00800nam2 2200301 45 | |
| 001 | 1560809086 | |
| 005 | 20150126165357.23 | |
| 010 | @dCNY1.55 | |
| 091 | @aCN@b7243.526 | |
| 100 | @a19900808d1987 em y0chiy0121 ea | |
| 101 | 0 | @achi |
| 102 | @aCN@b110000 | |
| 105 | @ay zq 000yy | |
| 200 | 10 | @a中学地理问答200题@Azhong xue di li wen da 200 ti@f郭瑞涛等编 |
| 210 | @a北京@c北京师范大学出版社@d1987 | |
| 215 | @a325页@d19cm | |
| 225 | 2 | @a青年学习考试丛书 |
| 410 | 0 | @120010@a青年学习考试丛书 |
| 606 | @a地理@x中学@x习题 | |
| 606 | 0 | @a历史 |
| 690 | @aG634.55@v3 | |
| 690 | @aK-5@v4 | |
| 701 | 0 | @a郭瑞涛@Aguo rui tao@4编 |
| 701 | 0 | @a刘锡淮@Aliu xi huai@4编 |
| 701 | 0 | @a自丽华@Azi li hua@4编 |
| 801 | 0 | @aCN@bTSSF@c20150126 |
| 801 | 2 | @aCN@bNLC |
| 905 | @aZUCC@dK-5@eJY13 | |
| 中学地理问答200题/郭瑞涛等编.-北京:北京师范大学出版社,1987 |
| 325页;19cm.-(青年学习考试丛书) |
| ISBN :CNY1.55 |
| ● |
| 相关链接 |
|
|
|
|
正题名:中学地理问答200题
索取号:K-5/JY13
 
预约/预借
| 序号 | 登录号 | 条形码 | 馆藏地/架位号 | 状态 | 备注 |
| 1 | 7838424 | 278384240 | 学院路分馆/ [索取号:K-5/JY13] | 在馆 |